Statistics for Country National Sports

Click here to take the quiz!

General Stats

  • This quiz has been taken 190 times
  • The average score is 4 of 11

Answer Stats

CountryNational Sport% Correct
USAAmerican football
95%
UkCricket
68%
Ice hockey
52%
JapanSumo Wrestling
50%
BrazilFootball
44%
IrelandGaelic Football
36%
CanadaLacrosse
32%
South KoreaTaekwondo
21%
TurkeyWrestling
19%
IndiaHockey
12%
ArmeniaChess
4%

Score Distribution

Percentile by Number Answered

Percent of People with Each Score

Your Score History

You have not taken this quiz